Miasta w Polsce - nagła śmierć - Statystyki

Ogólne statystyki
  • Ten quiz został rozwiązany 37 273 razy
    37 255 od ostatniego zresetowania
  • Średni wynik to 13 z 24
Answers on the Grid
Answers color-coded by a green-red scale on the quiz's grid according to % correct below.
Abudża
Akwizgran
Amsterdam
Ateny
Białystok
Bratysława
Briańsk
Brześć
Chełm
Debreczyn
Dyneburg
Dżakarta
Elbląg
Gliwice
Głogów
Gniezno
Innsbruck
Kalisz
Kapsztad
Kętrzyn
Kłajpeda
Kołobrzeg
Kraków
Kurytyba
Leszno
Łódź
Nowy Sącz
Oborniki
Osaka
Paryż
Piła
Poznań
Praga
Radom
Rzeszów
Saloniki
Siemiatycze
Strasburg
Subotica
Szanghaj
Sztokholm
Toruń
Uppsala
Uście nad Łabą
Władywostok
Włocławek
Wołomin
Woroneż
Zamość
Zgorzelec
 
Statystyki odpowiedzi
Odpowiedź % Poprawnych
Białystok
89%
Chełm
69%
Elbląg
67%
Gliwice
61%
Leszno
61%
Łódź
60%
Kalisz
59%
Kołobrzeg
59%
Gniezno
58%
Kraków
58%
Nowy Sącz
56%
Piła
56%
Radom
56%
Głogów
55%
Poznań
54%
Rzeszów
54%
Toruń
53%
Zamość
50%
Włocławek
49%
Kętrzyn
47%
Oborniki
44%
Zgorzelec
42%
Siemiatycze
38%
Wołomin
36%
Nie znaleziono quizów pasujących do podanych kryteriów
Rozkład punktacji
Procent ludzi z każdym wynikiem
Percentyl według liczby udzielonych odpowiedzi
Twoja historia wyników
Nie rozwiązałeś tego quizu od ostatniego zresetowania